000 00248nam a22001097a 4500
082 _a604.2 CAR'D
100 _aCARINI, L. F. B
_957277
245 _aDRAFTING FOR ELECTRONICS
260 _aNEWYORK
_bMCGRAW HILL
_c1946
300 _a211P
942 _cBK
999 _c567572
_d567572